=LDR 00000nam 2200000 4500 =001 000141 =020 $9786232251007 =082 $631.500 =100 $$a B. Prasetya Wibowo =245 $$a Akuaember, akuaponik di ember /$c B. Prasetya Wibowo =250 $Cetakan 1 =264 $Jakarta: Penebar Swadaya 2021 =300 $iv, 60 halaman; 21 cm. =650 $Pertanian =905 $631.5 PRA a =336 $$a =337 $$a =338 $$a =005 20260702151432.0 =008 260702s2026\\\\\\\\\\\\\\\\\\\\\\\\\\\\\\\\\\\\\\\\\